000 00581nam a2200229Ia 4500
003 OSt
005 20220924152556.0
006 a|||||r|||| 00| 0
007 ta
008 220923b |||||||| |||| 00| 0 mar d
024 _a343220
037 _cTextual
040 _aARTS
_cARTS
_bmar
041 _2mar
_amar
082 _aY73(P15):1.C, 155K0
100 _aChaubal
_9227040
245 0 _aPrashin bharat samskriti darshan
260 _c1960
650 _aSOCIOLOGY
942 _hY73(P15):1.C, 155K0
_cTEXL
_2CC
999 _c470322
_d470322